[Event "Ceske Budejovice op-A"]
[Site "Ceske Budejovice"]
[Date "2023.07.08"]
[Round "8"]
[White "Garabik, Marek"]
[Black "Steinbauer, Sebastian"]
[Result "1/2-1/2"]
[WhiteElo "1758"]
[BlackElo "1828"]
[PlyCount "98"]
[EventDate "2023.07.01"]
[EventType "swiss"]
[EventRounds "9"]
[EventCountry "CZE"]
[SourceTitle "CBM 215 Extra"]
[Source "ChessBase"]
[SourceDate "2023.09.30"]
[SourceVersion "1"]
[SourceVersionDate "2023.09.30"]
[SourceQuality "1"]

1. e4 e5 2. Bc4 Nf6 3. d3 d5 4. exd5 Nxd5 5. Nf3 Nc6 6. 0-0 Bg4 7. Re1 Be7 8. h3 Bh5 9. g4 Bg6 10. Nxe5 0-0 11. Bxd5 Nxe5 12. Bg2 Nc6 13. Nc3 f5 14. Nd5 Bd6 15. Bf4 Bxf4 16. Nxf4 Qd6 17. Nxg6 Qxg6 18. d4 fxg4 19. Qxg4 Qxc2 20. Re2 Qc4 21. Qe6+ Qxe6 22. Rxe6 Nxd4 23. Re7 c6 24. Rd1 Rad8 25. Rde1 Rf7 26. Re8+ Rxe8 27. Rxe8+ Rf8 28. Re7 Rb8 29. Be4 Nb5 30. Rd7 a6 31. Bd3 a5 32. Bc4+ Kh8 33. Bxb5 cxb5 34. Rd5 b6 35. Rxb5 Kg8 36. a4 Kf7 37. b4 axb4 38. a5 Ke7 39. Rxb4 b5 40. a6 Ra8 41. Rxb5 Rxa6 42. Kg2 Kf6 43. Rb4 Ra5 44. Rb6+ Kg5 45. Rb7 Kh6 46. h4 Ra4 47. Kg3 g6 48. Rf7 Ra1 49. Kg2 Ra3 1/2-1/2

[Event "Ceske Budejovice op-A"]
[Site "Ceske Budejovice"]
[Date "2023.07.07"]
[Round "7"]
[White "Garabik, Marek"]
[Black "Arvind, Ramnath Iyer"]
[Result "1/2-1/2"]
[WhiteElo "1758"]
[BlackElo "1923"]
[PlyCount "42"]
[EventDate "2023.07.01"]
[EventType "swiss"]
[EventRounds "9"]
[EventCountry "CZE"]
[SourceTitle "CBM 215 Extra"]
[Source "ChessBase"]
[SourceDate "2023.09.30"]
[SourceVersion "1"]
[SourceVersionDate "2023.09.30"]
[SourceQuality "1"]

1. e4 c5 2. Nf3 d6 3. d4 cxd4 4. Nxd4 Nf6 5. Nc3 a6 6. Be2 e5 7. Nb3 Be6 8. 0-0 Be7 9. Kh1 Nbd7 10. f4 exf4 11. Bxf4 Ne5 12. Nd4 0-0 13. Nxe6 fxe6 14. Qe1 Rc8 15. Qg3 Qa5 16. Qh3 Kf7 17. Bh5+ Ng6 18. g4 Nxh5 19. gxh5 Nxf4 20. Rxf4+ Bf6 21. Raf1 Ke7 1/2-1/2

[Event "EU-ch Hybrid U12"]
[Site "Tornelo INT"]
[Date "2021.10.15"]
[Round "9"]
[White "Garabik, Marek"]
[Black "Iljushin, Yaroslav"]
[Result "0-1"]
[WhiteElo "1495"]
[BlackElo "1404"]
[PlyCount "90"]
[EventDate "2021.10.15"]
[EventType "swiss"]
[EventRounds "9"]
[EventCountry "NET"]
[SourceTitle "EXT 2023"]
[Source "ChessBase"]
[SourceDate "2022.10.05"]
[SourceVersion "1"]
[SourceVersionDate "2022.10.05"]
[SourceQuality "1"]
[WhiteTeam "Czech Republic"]
[BlackTeam "Russia"]
[WhiteTeamCountry "CZE"]
[BlackTeamCountry "RUS"]

1. d4 d5 2. c4 dxc4 3. e3 e5 4. Bxc4 exd4 5. Nf3 Nc6 6. exd4 Bb4+ 7. Bd2 Qe7+ 8. Qe2 Bg4 9. 0-0 0-0-0 10. Qxe7 Bxe7 11. Ne5 Nxe5 12. dxe5 f6 13. e6 Bf5 14. Bf4 Bxb1 15. Raxb1 Rd4 16. Bxc7 Rxc4 17. Bg3 f5 18. Rbc1 Rc6 19. Rxc6+ bxc6 20. Rc1 Kb7 21. Rd1 Nf6 22. Kf1 Rd8 23. Rxd8 Bxd8 24. Ke2 Ne4 25. Be5 Bf6 26. f3 Bxe5 27. fxe4 Bf6 28. exf5 Kc7 29. b3 Kd6 30. Ke3 Ke5 31. g4 Bg5+ 32. Kf3 Bh4 33. h3 g6 34. fxg6 hxg6 35. b4 Be7 36. a3 Kxe6 37. Kf4 g5+ 38. Ke4 Bf6 39. a4 a6 40. Ke3 Bc3 41. b5 cxb5 42. axb5 axb5 43. Kd3 b4 44. Kc4 Ke5 45. Kb3 Kf4 0-1

[Event "EU-ch Hybrid U12"]
[Site "Tornelo INT"]
[Date "2021.10.15"]
[Round "1"]
[White "Garabik, Marek"]
[Black "Zverev, Lev"]
[Result "0-1"]
[WhiteElo "1495"]
[BlackElo "2148"]
[PlyCount "104"]
[EventDate "2021.10.15"]
[EventType "swiss"]
[EventRounds "9"]
[EventCountry "NET"]
[SourceTitle "EXT 2023"]
[Source "ChessBase"]
[SourceDate "2022.10.05"]
[SourceVersion "1"]
[SourceVersionDate "2022.10.05"]
[SourceQuality "1"]
[WhiteTeam "Czech Republic"]
[BlackTeam "Russia"]
[WhiteTeamCountry "CZE"]
[BlackTeamCountry "RUS"]

1. e4 e5 2. Nf3 Nc6 3. Bc4 Bc5 4. Nc3 Nf6 5. d3 d6 6. Bg5 h6 7. Be3 Bxe3 8. fxe3 Na5 9. Bb5+ c6 10. Ba4 b5 11. Bb3 0-0 12. Qe2 Nxb3 13. axb3 a5 14. h3 Ba6 15. Qf2 Re8 16. 0-0 b4 17. Ne2 d5 18. exd5 cxd5 19. d4 Ne4 20. Qe1 Bxe2 21. Qxe2 Ng3 22. Qf2 Nxf1 23. Rxf1 e4 24. Ne5 f6 25. Ng6 Qd6 26. Nf4 Kh7 27. Nh5 Rf8 28. Qf5+ g6 29. Nxf6+ Kg7 30. Qd7+ Qxd7 31. Nxd7 Rxf1+ 32. Kxf1 a4 33. bxa4 Rxa4 34. Nb6 Ra2 35. b3 Rxc2 36. Nxd5 Rb2 37. Nxb4 Rxb3 38. Nd5 Kf7 39. Kf2 g5 40. Nc7 Rb2+ 41. Kf1 Rb6 42. Nd5 Rb3 43. Ke2 Ke6 44. Nc7+ Kd6 45. Na6 Kd5 46. Nc5 Rb2+ 47. Kf1 h5 48. Nd7 Kc4 49. Nc5 Rb5 50. Nxe4 Kd3 51. Ng3 Kxe3 52. Nxh5 Rb1# 0-1

[Event "EU-ch Hybrid U12"]
[Site "Tornelo INT"]
[Date "2021.10.15"]
[Round "4"]
[White "Tabuenca Mendataurigoitia, Daniel"]
[Black "Garabik, Marek"]
[Result "1-0"]
[WhiteElo "2185"]
[BlackElo "1495"]
[PlyCount "145"]
[EventDate "2021.10.15"]
[EventType "swiss"]
[EventRounds "9"]
[EventCountry "NET"]
[SourceTitle "EXT 2023"]
[Source "ChessBase"]
[SourceDate "2022.10.05"]
[SourceVersion "1"]
[SourceVersionDate "2022.10.05"]
[SourceQuality "1"]
[WhiteTeam "Spain"]
[BlackTeam "Czech Republic"]
[WhiteTeamCountry "ESP"]
[BlackTeamCountry "CZE"]

1. e4 e6 2. d4 d5 3. Nd2 c5 4. Ngf3 Nc6 5. exd5 exd5 6. Bb5 Qb6 7. Qe2+ Be6 8. dxc5 Bxc5 9. 0-0 a6 10. Bxc6+ Qxc6 11. Nb3 Nf6 12. Nxc5 Qxc5 13. Ng5 Qc6 14. Re1 0-0 15. Qd3 h6 16. Nf3 Rac8 17. Nd4 Qc4 18. Qxc4 Rxc4 19. c3 Re8 20. f3 Rcc8 21. Bf4 Nd7 22. Re2 Nc5 23. Bd6 Bd7 24. Bxc5 Rxe2 25. Nxe2 Rxc5 26. Rd1 Be6 27. a4 Kf8 28. Kf2 Ke7 29. b4 Rc8 30. a5 Kd6 31. Ke3 Rc7 32. Rd4 Rc8 33. Kd3 Bd7 34. Ng3 Bb5+ 35. Kc2 g6 36. Ne4+ Kc6 37. Nf6 Bc4 38. Ng4 Re8 39. Nxh6 f5 40. Nf7 Re7 41. Ng5 Kb5 42. Nh3 Re2+ 43. Rd2 Rxd2+ 44. Kxd2 d4 45. Nf4 dxc3+ 46. Kxc3 Bf7 47. h4 b6 48. axb6 Kxb6 49. Ne2 Kc6 50. Nf4 Kb5 51. Nd3 Be8 52. Ne5 Kb6 53. Kc4 Bb5+ 54. Kd5 Bf1 55. g4 fxg4 56. fxg4 Be2 57. g5 Bh5 58. Kc4 Be2+ 59. Kc3 Bh5 60. Nd3 Bg4 61. Ne5 Bh5 62. Nc4+ Kc6 63. Ne3 Kb6 64. Nd5+ Kb5 65. Nf4 Bg4 66. Nxg6 a5 67. bxa5 Kxa5 68. Kd4 Kb5 69. Kd5 Kb6 70. Ne5 Bd1 71. g6 Bc2 72. g7 Bh7 73. Kd6 1-0

[Event "Ceske Budejovice op-B"]
[Site "Ceske Budejovice"]
[Date "2020.07.03"]
[Round "3"]
[White "Garabik, Marek"]
[Black "Veselsky, Jan"]
[Result "1/2-1/2"]
[WhiteElo "1363"]
[BlackElo "1580"]
[PlyCount "114"]
[EventDate "2020.07.01"]
[EventType "swiss"]
[EventRounds "9"]
[EventCountry "CZE"]
[SourceTitle "CBM 197 Extra"]
[Source "ChessBase"]
[SourceDate "2020.09.30"]
[SourceVersion "1"]
[SourceVersionDate "2020.09.30"]
[SourceQuality "1"]

1. e4 c6 2. d4 d5 3. e5 Bf5 4. Nf3 e6 5. c3 c5 6. Bb5+ Nc6 7. Bg5 Qb6 8. Bxc6+ Qxc6 9. Nh4 Bg6 10. Nxg6 hxg6 11. Nd2 Ne7 12. dxc5 Qxc5 13. Nb3 Qc7 14. Qe2 Nc6 15. Bf4 Be7 16. Nd4 a6 17. Rc1 g5 18. Nxc6 Qxc6 19. Be3 Qc7 20. Bd4 b5 21. Qe3 Rc8 22. 0-0 0-0 23. f4 gxf4 24. Qxf4 Qd8 25. Qg4 b4 26. Rf3 g6 27. Rcf1 bxc3 28. bxc3 Rc4 29. g3 Bg5 30. h4 Bd2 31. Rd3 Bh6 32. h5 Qg5 33. Qxg5 Bxg5 34. hxg6 fxg6 35. Rxf8+ Kxf8 36. Rf3+ Kg7 37. Rf2 Be7 38. Rb2 a5 39. Rb7 Kf8 40. Rb6 Kf7 41. Kf1 Ra4 42. Rb7 Ke8 43. Rb2 Ba3 44. Rf2 Be7 45. Kg2 Rc4 46. Rb2 Kd7 47. Rb7+ Rc7 48. Rb2 Bc5 49. Kh3 a4 50. Kg4 Be7 51. Kf4 Kc6 52. Rb6+ Kd7 53. Ke3 Bc5 54. Rb5 Bxd4+ 55. cxd4 Rc3+ 56. Kf4 Rd3 57. Rb4 Ra3 1/2-1/2